There Was a Father = Chichi ariki /

Gorde:
Xehetasun bibliografikoak
Egile nagusia: Ozu, Yasujiro (realización)
Beste egile batzuk: Ozu, Yasujiro (guión) (guión), Ikeda, Tadao (guión) (guión), Yanai, Takao (guión) (guión), Atsuta, Yûharu (fotógrafo) (fotógrafo), Hamamura, Yoshiyasu (montaje) (montaje), Saiki, Kyoichi (música) (música), Ryû, Chishû (actuación) (actuación), Sano, Shûji (actuación) (actuación), Saburi, Shin (actuación) (actuación)
Formatua: Diapositiba
Hizkuntza:japoniera
Argitaratua: Nueva York, EUA : Criterion Collection [distribución], 2010, c2010
Saila:(Criterion Collection ; 526)
(Criterion Collection ; 524/2)
Gaiak:
Etiketak: Etiketa erantsi
Etiketarik gabe, Izan zaitez lehena erregistro honi etiketa jartzen!

MARC

LEADER 00000ngm^a2200000^a^4500
001 000305971
005 20251020000000.0
009 20260310112804.402
020 |a 978-1-60465-305-2 
020 |a 978-1-60465-304-5 
037 |a Acervo ITESO - Biblioteca 
041 |a JAP 
082 |a 808. 8  |b CRI V. 526 
100 |a Ozu, Yasujiro  |e (realización) 
240 1 1 |a [Había un padre] 
240 1 1 |a [Erase un padre] 
240 1 1 |a [Two Films by Yasujiro Ozu] 
245 1 0 |a There Was a Father =  |b Chichi ariki /  |c Realización de Y. Ozu. 
246 2 |a Título en México: no conocido/no identificado 
246 2 |a Título alternativo en español (España): Había un padre 
246 2 |a Título alternativo en español (España): Erase un padre 
264 4 |a Nueva York, EUA :  |b Criterion Collection [distribución],  |c 2010, c2010 
300 |a 1 DVD región 1  |c (87 min.) +  |e 1 folleto (28 p.) 
336 |a imagen móvil bidimensional  |b tdi  |2 rdacontenido 
337 |a video  |b v  |2 rdamedio 
338 |a videodisco  |b vd  |2 rdasoporte 
440 1 |a (Criterion Collection ;  |v 526) 
440 1 |a (Criterion Collection ;  |v 524/2) 
546 |a En japonés, con subtítulos opcionales: inglés 
649 |a XX 
650 |a Hijos Unicos en el Cine 
650 |a Padres en el Cine 
650 |a Viudos en el Cine 
650 |a Hombres en el Cine 
650 |a Cine Social y Político 
650 |a Dramas Cinematográficos 
650 |a Cine en Blanco y Negro -  |z Japón 
650 |a Cine Japonés -  |y 1940-1949 
650 |a Cine Japonés -  |y Siglo XX 
650 |a Dignidad 
650 |a Sacrificio 
650 |a Paternidad -  |z Japón -  |x Tema Principal 
650 |a Relaciones Padres-Hijos -  |z Japón 
650 |a Relaciones Familiares -  |z Japón 
650 |a Política -  |z Japón -  |x Historia 
650 |a Japón -  |x Historia -  |y 1941-1944 
650 |a Japón -  |x Historia -  |y Período Showa, 1926-1989 
650 |a Japón -  |x Historia -  |y Siglo XX 
700 |a Ozu, Yasujiro  |e (guión) 
700 |a Ikeda, Tadao  |e (guión) 
700 |a Yanai, Takao  |e (guión) 
700 |a Atsuta, Yûharu  |e (fotógrafo) 
700 |a Hamamura, Yoshiyasu  |e (montaje) 
700 |a Saiki, Kyoichi  |e (música) 
700 |a Ryû, Chishû  |e (actuación) 
700 |a Sano, Shûji  |e (actuación) 
700 |a Saburi, Shin  |e (actuación) 
910 |a Fondo General 
920 |a Audiovisuales - DVDs 
940 |a Películas 
905 |a 308 
901 |a 0500191968  |b IT2  |c DVR  |i C124779  |u 20250521 
901 |a 0500191969  |b IT2  |c MIN  |i C124779  |u 20251020 
902 |a https://opac.biblio.iteso.mx/vufind/Record/000305971